| 000 | 00436nmm a2200157Ia 4500 | ||
|---|---|---|---|
| 008 | 251105s9999||||xx |||||||||||||||||und|| | ||
| 020 | _a9789580613459 | ||
| 041 | _aspa | ||
| 100 | _aMantilla M., John | ||
| 245 | 0 | _aUn día de nadie | |
| 264 |
_a[Bogotá, Colombia] : _bOveja Negra, _c2016 |
||
| 300 | _a229 páginas | ||
| 650 | _aLatin American narrative | ||
| 856 | _uhttps://public.digitaliapublishing.com/a/46734 | ||
| 942 | _cCF | ||
| 999 |
_c94985 _d94985 |
||